Vereine anhand der Nationen ihrer Spieler erraten (Stand: 23/24) #2 - Statistiken

Allgemein
  • Dieses Quiz wurde 548 mal gespielt
  • Das Durchschnittsergebnis liegt bei 9 aus 12
Antwortstatistiken
Bildquiz Antwort % Korrekt
FC Barcelona
98%
Paris Saint-Germain
97%
Tottenham
89%
PSV Eindhoven
84%
Ajax Amsterdam
81%
AC Mailand
79%
SSC Neapel
78%
Manchester United
74%
FC Chelsea
71%
FC Girona
50%
Atalanta Bergamo
43%
Olympique Marseille
36%
Keine übereinstimmenden Quizze gefunden
Verteilung der Resultate
Anzahl Personen mit jedem Resultat
Perzentil nach korrekt beantworteten Fragen
Ihre Resultats-Entwicklung
Sie haben dieses Quiz noch nicht gespielt